000 00298nam a22001337a 4500
008 170529b xxu||||| |||| 00| 0 eng d
020 _a9780321011367
041 _aeng
080 _23RD
_a94
100 _a16
101 _aSHH
245 _aSOURCES OF THE WEST
_cKISHLANSKY,M.A
942 _2udc
_cBK
999 _c14913
_d14913